| 000 | 00602nam a2200205Ia 4500 | ||
|---|---|---|---|
| 005 | 20221130152127.0 | ||
| 008 | 131103s9999 xx 000 0 und d | ||
| 040 | _aLoreto College | ||
| 041 | _aEnglish | ||
| 082 |
_a821.91 _bELI-BIR |
||
| 100 | _apatil, Birje | ||
| 245 |
_aBeneath the axle- tree _b an introduction to eliot's poems,plays and criticism _cBirje Patil |
||
| 260 |
_adelhi _bMacmillan _c1977 |
||
| 300 | _ax,140p. | ||
| 504 | _aIncludes bibliographical references & index | ||
| 650 | _aEliot,George - criticism | ||
| 651 | _aLiterary criticism | ||
| 850 | _aLCLIB | ||
| 942 | _cBK | ||
| 999 |
_c22630 _d73109 |
||